000 00229nam a22001097a 4500
003 OSt
008 250104b |||||||| |||| 00| 0 eng d
041 _aeng
100 _aJoseph AK
_96742
245 _aSasyasamrakshanam
942 _cBK
999 _c18926
_d18926